000
00337nam a22001457a 4500
008
210429b ||||| |||| 00| 0 eng d
020
_a
2900321783959
041
_a
eng
080
_2
5th
_a
510
082
_a
510
100
_a
36
101
_a
MAT
245
_a
College Algebra Graphs and Models
_c
Marvin L. Bittinger
942
_2
udc
_c
BK
999
_c
56927
_d
56927